000 01603cam a22002054a 4500
005 20250605164407.0
008 250528s ||||||||||||||||||||||||d
035 _a24870
020 _a9781529769005
040 _aGR-AtMCL
_bgre
_dGR-AtMCL
_eAACR2
245 1 _aDoing Qualitative Research / Sixth Edition
250 _a6th
260 _bSage,
_c2022
300 _a634
520 _aThis book will guide you through each step of the research process: from brainstorming ideas and working with your supervisor to navigating the field to writing up your results. Introduction, How to Use This book, What You Can (and Can't) Do with Qualitative Research, Focusing a Research Project, Starting Out and Project Foundations, Formulating a Research Question, Ethical Research, Research Design, Using Theories, Choosing a Methodology, Writing a Research Proposal, Getting Support, Making Good Use of Your Supervisor, Getting Feedback, Collecting and Analysing Your Data, How Much Data Do You Need?, Collecting Your Data, Developing Data Analysis, Using Qualitative Data Analysis Software: An Introduction, Quality in Qualitative Research, Effective Qualitative Research, Writing Up Your Research, What Counts as Originality?, Audiences, The First Few Pages, The Literature Review Chapter, The Methodology Chapter, Writing Your Data Chapters, Your Concluding Chapter, The Aftermath, Managing an Oral Examination, Getting Published, Appendix: Transcription Symbols, Glossary, References, Author and Subject Index.
700 1 _aSilverman David
_96046
942 _cBK
999 _c9707
_d9707